Francouzská krajně pravicová Národná fronta a imigrační otázky v kontextu "krize"
Krajne pravicová strana Front national (Národná fronta) a jej rétorika postavená na spolitizovanom uchopení národnej identity. Rast obľúbenosti Národnej fronty vo voľbách. Dôvody úspechu strany a jej argumentácie. Le Penov vplyv na imigračnú politiku Francúzska. Presun hlasov Národnej fronty v prosp...
Guardado en:
| Autor principal: | |
|---|---|
| Formato: | Capítulo de libro |
| Lenguaje: | checo |
| Materias: | |
| Etiquetas: |
Sin Etiquetas, Sea el primero en etiquetar este registro!
|
MARC
| LEADER | 00000naa$a2200000$$$4500 | ||
|---|---|---|---|
| 001 | 0093293 | ||
| 005 | 20231016093738.8 | ||
| 041 | 0 | |a cze | |
| 044 | |a CZ | ||
| 245 | 1 | 0 | |a Francouzská krajně pravicová Národná fronta a imigrační otázky v kontextu "krize" |c Pavel Sitek |
| 520 | |a Krajne pravicová strana Front national (Národná fronta) a jej rétorika postavená na spolitizovanom uchopení národnej identity. Rast obľúbenosti Národnej fronty vo voľbách. Dôvody úspechu strany a jej argumentácie. Le Penov vplyv na imigračnú politiku Francúzska. Presun hlasov Národnej fronty v prospech tradičnej pravicovej strany Nicolasa Sarkozyho vo voľbách v r. 2007. | ||
| 610 | 2 | 0 | |a politika vnútorná |
| 610 | 2 | 0 | |a strany politické |
| 610 | 2 | 0 | |a imigrácia |
| 610 | 2 | 0 | |a cudzinci |
| 610 | 2 | 0 | |a národ |
| 610 | 2 | 0 | |a voľby |
| 610 | 2 | 0 | |a Francúzsko |
| 100 | 1 | |a Sitek, Pavel | |